[Event "Bristol Summer 2017 Fide Open"]
[Site "Bristol"]
[Date "2017.06.09"]
[Round "1.1"]
[White "Arkell, Keith C"]
[Black "Musson, Adam J"]
[Result "1-0"]
[WhiteElo "2411"]
[BlackElo "2086"]
[PlyCount "101"]
[EventDate "2017.06.09"]
[EventCountry "ENG"]

1. d4 Nf6 2. Nf3 e6 3. c4 Bb4+ 4. Bd2 a5 5. g3 d6 6. Bg2 O-O 7. O-O Bxd2 8.
Qxd2 Nbd7 9. Nc3 Qe7 10. e4 e5 11. Nd5 Nxd5 12. cxd5 exd4 13. Nxd4 Nc5 14. Rfe1
Bg4 15. h3 Bh5 16. f4 f6 17. Rac1 Bf7 18. b3 Rfc8 19. a3 a4 20. b4 Nb3 21. Nxb3
axb3 22. Qb2 c6 23. Qxb3 cxd5 24. exd5 Rxc1 25. Rxc1 Re8 26. Bf3 h5 27. Kg2 g5
28. fxg5 fxg5 29. Rc2 Qf6 30. Rf2 Qd4 31. Qb2 Qxb2 32. Rxb2 Re3 33. a4 Rd3 34.
a5 Bxd5 35. Bxd5+ Rxd5 36. b5 Re5 37. a6 bxa6 38. bxa6 Ra5 39. Rb6 g4 40. hxg4
hxg4 41. Rxd6 Ra2+ 42. Kf1 Kg7 43. Ke1 Kf7 44. Kd1 Kg7 45. Kc1 Ra1+ 46. Kb2 Ra5
47. Kb3 Ra1 48. Kb4 Rb1+ 49. Kc5 Rb3 50. a7 Ra3 51. Kb6 1-0

[Event "Bristol Summer 2017 Fide Open"]
[Site "Bristol"]
[Date "2017.06.09"]
[Round "1.2"]
[White "Morris, Gareth L"]
[Black "Littlewood, Paul E"]
[Result "0-1"]
[WhiteElo "2059"]
[BlackElo "2370"]
[PlyCount "56"]
[EventDate "2017.06.09"]
[EventCountry "ENG"]

1. d4 Nf6 2. Nf3 g6 3. c4 Bg7 4. Nc3 O-O 5. e4 d6 6. Be2 Nbd7 7. O-O e5 8. Re1
c6 9. Rb1 a6 10. Bf1 b5 11. d5 cxd5 12. cxd5 Nb6 13. b4 Bd7 14. Nd2 Qc7 15. Bb2
Rfc8 16. Rc1 Qa7 17. h3 Nh5 18. Qf3 Bh6 19. Red1 Rc7 20. Ne2 Rac8 21. Qd3 Nc4
22. Bc3 Nf4 23. Nxf4 Bxf4 24. g3 Bh6 25. Qb1 Ne3 26. Bb2 Nxd1 27. Rxd1 Rc2 28.
Bc1 Qd4 0-1

[Event "Bristol Summer 2017 Fide Open"]
[Site "Bristol"]
[Date "2017.06.09"]
[Round "1.3"]
[White "Beaumont, Chris R"]
[Black "Moore, Geoffrey R"]
[Result "1-0"]
[WhiteElo "2289"]
[BlackElo "2010"]
[PlyCount "73"]
[EventDate "2017.06.09"]
[EventCountry "ENG"]

1. Nf3 Nf6 2. c4 g6 3. Nc3 Bg7 4. e4 d6 5. d4 O-O 6. Be2 Nbd7 7. O-O e5 8. Qc2
Nh5 9. Rd1 Nf4 10. Bf1 c5 11. d5 Nf6 12. Re1 Ne8 13. Rb1 f5 14. b4 b6 15. bxc5
bxc5 16. g3 fxe4 17. Nxe4 Nh3+ 18. Bxh3 Bxh3 19. Nfg5 Bf5 20. Ne6 Bxe6 21. dxe6
Qe7 22. Qd1 Qxe6 23. Ng5 Qf5 24. Qd5+ Kh8 25. Be3 Rd8 26. Rb7 Rd7 27. Reb1 Nc7
28. Qc6 h6 29. Ne4 d5 30. Nxc5 Rdf7 31. cxd5 Qc2 32. Nd7 Qxc6 33. dxc6 Rc8 34.
Rb8 Rxb8 35. Rxb8+ Kh7 36. Rb7 Nd5 37. c7 1-0

[Event "Bristol Summer 2017 Fide Open"]
[Site "Bristol"]
[Date "2017.06.09"]
[Round "1.4"]
[White "Prasse, Philipp"]
[Black "Reznak, Attila"]
[Result "0-1"]
[WhiteElo "2009"]
[BlackElo "2283"]
[PlyCount "158"]
[EventDate "2017.06.09"]
[EventCountry "ENG"]

1. e4 c5 2. c3 Nf6 3. e5 Nd5 4. Nf3 Nc6 5. Bc4 Nb6 6. Bb3 c4 7. Bc2 Qc7 8. Qe2
g6 9. O-O Bg7 10. Re1 O-O 11. Na3 Qb8 12. Nxc4 Nxc4 13. Qxc4 Nxe5 14. Nxe5 Bxe5
15. h3 d6 16. d4 Bf6 17. Bf4 Be6 18. Qe2 Qc7 19. Bb3 Bd7 20. Qc4 Qxc4 21. Bxc4
b5 22. Bd5 Rab8 23. a3 Rb6 24. g4 e6 25. Bf3 Rc8 26. Be3 d5 27. Bf4 a5 28. Be2
b4 29. axb4 axb4 30. Bd2 bxc3 31. Bxc3 Bb5 32. Kf1 Kg7 33. Ra7 Be8 34. Rea1 Bg5
35. Bd3 Kf6 36. Ke2 Bf4 37. Kf3 Bd6 38. R1a6 Rxa6 39. Rxa6 Bf8 40. Kg3 Rb8 41.
Kf3 Bb4 42. Ke3 Bxc3 43. bxc3 Rc8 44. Kd2 Kg5 45. Ra5 Kf4 46. Bb5 Bxb5 47. Rxb5
Rc7 48. Kd3 Kf3 49. Rb2 g5 50. Rb8 Kg2 51. Rg8 h6 52. Rh8 Kxh3 53. Rxh6+ Kxg4
54. Rf6 Kh5 55. f3 Kh4 56. Ke2 Kg3 57. Kd3 Kf2 58. Kd2 Kg3 59. Kd3 g4 60. fxg4
Kxg4 61. Rf1 f5 62. Re1 Rc6 63. Rg1+ Kf3 64. Rf1+ Kg2 65. Rf4 Kg3 66. Rf1 f4
67. Rg1+ Kf2 68. Rg6 f3 69. Kd2 Kf1 70. Rf6 f2 71. Rf7 Ra6 72. Ke3 Ra2 73. Rb7
Rc2 74. Kd3 Re2 75. c4 dxc4+ 76. Kxc4 Re1 77. Kd3 Kg2 78. Rg7+ Kh3 79. Rh7+ Kg4
0-1

[Event "Bristol Summer 2017 Fide Open"]
[Site "Bristol"]
[Date "2017.06.09"]
[Round "1.5"]
[White "Hill, Alistair"]
[Black "Nendick, Philip Hc"]
[Result "1/2-1/2"]
[WhiteElo "2193"]
[BlackElo "1998"]
[PlyCount "105"]
[EventDate "2017.06.09"]
[EventCountry "ENG"]

1. Nf3 Nc6 2. d4 d5 3. g3 Nf6 4. Bg2 Bf5 5. O-O e6 6. c4 Be7 7. cxd5 exd5 8.
Nc3 O-O 9. Bf4 Ne4 10. Rc1 Qd7 11. Nd2 Nf6 12. Be5 Nxe5 13. dxe5 Ng4 14. Nxd5
c6 15. Nxe7+ Qxe7 16. Nc4 Nxe5 17. Qd6 Ng6 18. Qxe7 Nxe7 19. Nd6 Bg4 20. b3
Rab8 21. Rfd1 Nf5 22. Kf1 Nxd6 23. Rxd6 Rfd8 24. Rcd1 Rxd6 25. Rxd6 Kf8 26. Rd4
Be6 27. Rb4 Rd8 28. e3 Rd7 29. Ke2 Ke7 30. h4 Kd6 31. Rd4+ Kc5 32. Rf4 a5 33.
Be4 a4 34. b4+ Kb6 35. Bf5 a3 36. Bxe6 fxe6 37. g4 Kb5 38. h5 h6 39. Re4 Ka4
40. f4 Kb5 41. Rxe6 Kxb4 42. g5 hxg5 43. fxg5 Kc3 44. h6 gxh6 45. Rxh6 Rg7 46.
g6 b5 47. Kf3 b4 48. Kf4 b3 49. Kf5 bxa2 50. Rh1 Kb2 51. Rh2+ Kb3 52. Rh1 Kb2
53. Rh2+ 1/2-1/2

[Event "Bristol Summer 2017 Fide Open"]
[Site "Bristol"]
[Date "2017.06.09"]
[Round "1.6"]
[White "Rodriguez, Juan Talavera"]
[Black "Coleman, David J"]
[Result "0-1"]
[WhiteElo "1987"]
[BlackElo "2141"]
[PlyCount "58"]
[EventDate "2017.06.09"]
[EventCountry "ENG"]

1. e4 c5 2. Nf3 d6 3. d4 cxd4 4. Nxd4 Nf6 5. Nc3 a6 6. h3 g6 7. g3 Bg7 8. Bg2
O-O 9. Be3 Qc7 10. Qd2 Nc6 11. O-O Bd7 12. a4 Rac8 13. Nde2 Ne5 14. b3 Bxh3 15.
f3 Bxg2 16. Kxg2 Rfe8 17. Rac1 e6 18. Rh1 d5 19. exd5 exd5 20. Bd4 Qd7 21. Qf4
Nh5 22. Qd2 Nf6 23. Qf4 Qe6 24. Qh4 Qf5 25. f4 Neg4 26. Kf3 Rxe2 27. Kxe2 Rxc3
28. Bxc3 Qe4+ 29. Kd1 Qf3+ 0-1

[Event "Bristol Summer 2017 Fide Open"]
[Site "Bristol"]
[Date "2017.06.09"]
[Round "1.7"]
[White "Moore, Graham J"]
[Black "Fathallah, Joe"]
[Result "1-0"]
[WhiteElo "2119"]
[BlackElo "1925"]
[PlyCount "101"]
[EventDate "2017.06.09"]
[EventCountry "ENG"]

1. e4 e6 2. d4 d5 3. Nc3 Nf6 4. e5 Nfd7 5. f4 c5 6. Nf3 Nc6 7. Be3 Be7 8. Qd2
O-O 9. dxc5 Bxc5 10. O-O-O Qa5 11. Bxc5 Qxc5 12. Kb1 f6 13. exf6 Nxf6 14. Bd3
Bd7 15. Rde1 Rae8 16. Ne5 Nxe5 17. Rxe5 b5 18. g3 b4 19. Ne4 Nxe4 20. Bxe4 Qb6
21. Re1 a5 22. Bxd5 Rd8 23. Bc4 Bc8 24. Qe2 Kh8 25. Bd3 a4 26. Rh5 h6 27. Qe3
Qxe3 28. Rxe3 Ba6 29. Ra5 Bxd3 30. cxd3 g5 31. Rxa4 gxf4 32. Rf3 fxg3 33. Rxf8+
Rxf8 34. hxg3 Rf1+ 35. Kc2 Rf2+ 36. Kb3 Rf3 37. Kxb4 Rxg3 38. Kc3 Kg7 39. b4
Rg4 40. Ra7+ Kf6 41. b5 Ke5 42. Rh7 Kd5 43. Rxh6 Kc5 44. Rh5+ Kb6 45. d4 Rg3+
46. Kc4 Ra3 47. Re5 Ra4+ 48. Kb3 Rxd4 49. a4 Ka5 50. Rxe6 Rxa4 51. Ra6+ 1-0

[Event "Bristol Summer 2017 Fide Open"]
[Site "Bristol"]
[Date "2017.06.09"]
[Round "1.8"]
[White "Thorpe, Thomas G"]
[Black "Stranger, Morris"]
[Result "1/2-1/2"]
[WhiteElo "1878"]
[BlackElo "2095"]
[PlyCount "87"]
[EventDate "2017.06.09"]
[EventCountry "ENG"]

1. e4 e6 2. d4 d5 3. Nd2 dxe4 4. Nxe4 Nd7 5. Nf3 Ngf6 6. Nxf6+ Nxf6 7. Bg5 Be7
8. Bd3 O-O 9. Qe2 c6 10. O-O-O Qd5 11. Kb1 Bd7 12. Ne5 b5 13. Rhe1 a5 14. Bxf6
Bxf6 15. Be4 Qd6 16. Qh5 g6 17. Qf3 Bxe5 18. dxe5 Qc7 19. Rxd7 Qxd7 20. Bxc6
Qa7 21. Bxa8 Qxa8 22. Qxa8 Rxa8 23. Rd1 g5 24. Rd4 Kg7 25. h4 h6 26. hxg5 hxg5
27. c3 Rh8 28. a4 bxa4 29. Rxa4 Rh2 30. Rg4 Kg6 31. Kc2 Kf5 32. f3 Rh4 33. Rd4
Kxe5 34. Rd7 f5 35. Ra7 a4 36. g3 Rh2+ 37. Kd3 Rxb2 38. Ra5+ Kd6 39. Rxa4 Rg2
40. g4 f4 41. Ra5 e5 42. Ra6+ Kc5 43. Ra5+ Kd6 44. Ra6+ 1/2-1/2

[Event "Bristol Summer 2017 Fide Open"]
[Site "Bristol"]
[Date "2017.06.09"]
[Round "1.9"]
[White "Bicknell, Carl"]
[Black "Jukes, Sam"]
[Result "1-0"]
[WhiteElo "2087"]
[BlackElo "1742"]
[PlyCount "49"]
[EventDate "2017.06.09"]
[EventCountry "ENG"]

1. e4 e5 2. Nf3 Nc6 3. Bb5 a6 4. Bxc6 dxc6 5. O-O f6 6. d4 exd4 7. Nxd4 c5 8.
Nb3 Qxd1 9. Rxd1 Bg4 10. f3 Bd7 11. Bf4 O-O-O 12. Nc3 c4 13. Na5 Bc5+ 14. Kh1
b5 15. a4 Bb4 16. Bxc7 Re8 17. Nd5 Ne7 18. Nxb4 Kxc7 19. Nxa6+ Kb6 20. Rxd7
Kxa6 21. axb5+ Kxb5 22. Rb7+ Kc5 23. Rc7+ Kb5 24. Nxc4 Ra8 25. Na3+ 1-0

[Event "Bristol Summer 2017 Fide Open"]
[Site "Bristol"]
[Date "2017.06.09"]
[Round "1.10"]
[White "Hardy, Roger"]
[Black "Krzyzanowski, Patryk"]
[Result "0-1"]
[WhiteElo "1887"]
[BlackElo "2065"]
[PlyCount "42"]
[EventDate "2017.06.09"]
[EventCountry "ENG"]

1. d4 d5 2. c4 c6 3. Nf3 e6 4. Nc3 dxc4 5. e4 b5 6. a3 Bb7 7. Qc2 Nd7 8. Be2
Nb6 9. O-O Nf6 10. Bg5 Be7 11. e5 Nfd5 12. Bxe7 Qxe7 13. Ne4 O-O 14. Nfg5 f5
15. exf6 gxf6 16. Nh3 Rad8 17. Rae1 Nd7 18. Bf3 Kh8 19. Qc1 Rg8 20. Nc5 Nxc5
21. dxc5 e5 0-1

[Event "Bristol Summer 2017 Fide Open"]
[Site "Bristol"]
[Date "2017.06.09"]
[Round "1.11"]
[White "Mascunano, Juan"]
[Black "Kramaley, David"]
[Result "1/2-1/2"]
[WhiteElo "1637"]
[BlackElo "1836"]
[PlyCount "128"]
[EventDate "2017.06.09"]
[EventCountry "ENG"]

1. d4 d5 2. c4 c6 3. Nf3 Nf6 4. Nc3 Qb6 5. cxd5 cxd5 6. e3 Bf5 7. Bd3 Bxd3 8.
Qxd3 e6 9. b3 Bb4 10. Bb2 Ne4 11. O-O Bxc3 12. Bxc3 Nd7 13. Nd2 Nxd2 14. Qxd2
O-O 15. Rac1 Rfc8 16. Rc2 Rc6 17. Rfc1 Rac8 18. Bb2 Qa6 19. a4 Qb6 20. Rc3 Nb8
21. R1c2 Qd8 22. Qc1 Qd7 23. b4 Rxc3 24. Rxc3 Rxc3 25. Qxc3 Qc6 26. b5 Qxc3 27.
Bxc3 Nd7 28. Bb4 Nb6 29. a5 Nc4 30. a6 b6 31. Kf1 f6 32. Ke2 Kf7 33. f3 e5 34.
Kd3 Ke6 35. g4 g6 36. e4 h5 37. Bf8 hxg4 38. fxg4 g5 39. exd5+ Kxd5 40. Be7 e4+
41. Ke2 Ke6 42. Bd8 Nd6 43. Bxb6 Nxb5 44. Bc5 f5 45. gxf5+ Kxf5 46. h3 Kf4 47.
d5 Ke5 48. d6 Ke6 49. Ke3 Nxd6 50. Bxa7 Kd5 51. Bb8 Nc4+ 52. Ke2 Kc6 53. a7 Kb7
54. Bc7 Kxa7 55. Bd8 Kb7 56. Bxg5 Kc6 57. Bf6 Kd7 58. h4 Ke6 59. Bc3 Nd6 60. h5
Nf5 61. Kf2 Kf7 62. Kg2 Kg8 63. Kh3 Kh7 64. Kg4 Ng7 1/2-1/2

[Event "Bristol Summer 2017 Fide Open"]
[Site "Bristol"]
[Date "2017.06.10"]
[Round "2.1"]
[White "Coleman, David J"]
[Black "Arkell, Keith C"]
[Result "0-1"]
[WhiteElo "2141"]
[BlackElo "2411"]
[PlyCount "98"]
[EventDate "2017.06.09"]
[EventCountry "ENG"]

1. e4 c6 2. c4 d5 3. exd5 Nf6 4. Nc3 cxd5 5. d4 g6 6. Qb3 Bg7 7. cxd5 O-O 8.
Be2 Na6 9. Bf3 Qb6 10. Nge2 Qxb3 11. axb3 Nb4 12. O-O Bg4 13. Bxg4 Nxg4 14. Ra4
a5 15. Bf4 Nf6 16. Bc7 Nbxd5 17. Bxa5 b6 18. Nxd5 Nxd5 19. Bd2 b5 20. Rxa8 Rxa8
21. Rc1 e6 22. g3 h6 23. Kg2 g5 24. Rc5 b4 25. Rc4 Ra2 26. Bc1 Kh7 27. Ng1 Kg6
28. Nf3 Ra1 29. Ne5+ Bxe5 30. dxe5 Kf5 31. f4 gxf4 32. gxf4 Ra8 33. Bd2 Rg8+
34. Kf2 h5 35. Kf3 Rg1 36. Rc1 Rg8 37. Rc4 h4 38. Bxb4 h3 39. Bd2 Rg2 40. Rd4
Rxh2 41. Kg3 Rh1 42. b4 Kg6 43. f5+ Kxf5 44. Bc3 Rg1+ 45. Kxh3 Nf4+ 46. Kh2 Rg7
47. Rd2 Ke4 48. Rd1 Ke3 49. Rc1 Rh7+ 0-1

[Event "Bristol Summer 2017 Fide Open"]
[Site "Bristol"]
[Date "2017.06.10"]
[Round "2.2"]
[White "Littlewood, Paul E"]
[Black "Moore, Graham J"]
[Result "1/2-1/2"]
[WhiteElo "2370"]
[BlackElo "2119"]
[PlyCount "67"]
[EventDate "2017.06.09"]
[EventCountry "ENG"]

1. d4 Nf6 2. c4 g6 3. Nc3 Bg7 4. e4 d6 5. Nf3 O-O 6. Be2 e5 7. d5 a5 8. Bg5 h6
9. Bh4 Na6 10. Nd2 Bd7 11. a3 Qe8 12. Nb5 Bxb5 13. cxb5 Nc5 14. Bxf6 Bxf6 15.
b4 axb4 16. axb4 Nd7 17. O-O Bg5 18. Nb3 f5 19. Qc2 Rxa1 20. Rxa1 fxe4 21. Qxe4
Qf7 22. Qf3 Nf6 23. Rd1 b6 24. g3 h5 25. Qg2 Ng4 26. Bxg4 hxg4 27. Nd2 Bxd2 28.
Rxd2 Qf5 29. Qf1 Ra8 30. Qc1 Ra4 31. Rb2 Qe4 32. Qb1 Qxd5 33. Qxg6+ Kf8 34.
Qf5+ 1/2-1/2

[Event "Bristol Summer 2017 Fide Open"]
[Site "Bristol"]
[Date "2017.06.10"]
[Round "2.3"]
[White "Krzyzanowski, Patryk"]
[Black "Beaumont, Chris R"]
[Result "1/2-1/2"]
[WhiteElo "2065"]
[BlackElo "2289"]
[PlyCount "99"]
[EventDate "2017.06.09"]
[EventCountry "ENG"]

1. c4 g6 2. Nc3 Bg7 3. g3 c5 4. Bg2 Nc6 5. Nf3 a6 6. Rb1 Rb8 7. a3 d6 8. O-O
Bf5 9. e4 Be6 10. Nd5 Nf6 11. d3 b5 12. Re1 O-O 13. Bg5 Re8 14. Qd2 a5 15. b3
Bg4 16. Bxf6 exf6 17. h3 Be6 18. d4 f5 19. dxc5 fxe4 20. Ng5 bxc4 21. Nxe4 Nd4
22. Nxd6 Nxb3 23. Qf4 Rf8 24. Qxc4 Nd4 25. Rbd1 Nc6 26. Qa4 Ne5 27. Nf4 Bb3 28.
Qe4 Bxd1 29. Rxd1 Qc7 30. Qe3 Rfd8 31. Nd5 Qa7 32. f4 Nc6 33. Kh2 Rb2 34. Nc4
Rbb8 35. Ncb6 Re8 36. Qd3 Rbd8 37. Qb5 Nd4 38. Qc4 Nc6 39. Qb5 Nd4 40. Qc4 Nf5
41. Rd3 Ne7 42. Nxe7+ Qxe7 43. Rxd8 Rxd8 44. c6 Qd6 45. c7 Qxb6 46. c8=Q Rxc8
47. Qxc8+ Bf8 48. a4 Qd4 49. Qe8 h5 50. h4 1/2-1/2

[Event "Bristol Summer 2017 Fide Open"]
[Site "Bristol"]
[Date "2017.06.10"]
[Round "2.4"]
[White "Reznak, Attila"]
[Black "Bicknell, Carl"]
[Result "1/2-1/2"]
[WhiteElo "2283"]
[BlackElo "2087"]
[PlyCount "118"]
[EventDate "2017.06.09"]
[EventCountry "ENG"]

1. Nf3 Nf6 2. g3 b6 3. Bg2 Bb7 4. O-O g6 5. b3 Bg7 6. Bb2 O-O 7. c4 c5 8. d3
Nc6 9. a3 Qc7 10. Qd2 d5 11. cxd5 Nxd5 12. Bxg7 Kxg7 13. Nc3 Qd7 14. Rfc1 f6
15. Rab1 Rac8 16. Qb2 Nxc3 17. Rxc3 Nd4 18. Nxd4 Bxg2 19. Kxg2 cxd4 20. Rc4
Rxc4 21. bxc4 Rc8 22. Qb5 Qxb5 23. Rxb5 Rc5 24. a4 Kf7 25. f4 Ke6 26. Kf3 f5
27. e3 dxe3 28. Kxe3 Kd6 29. Kd4 e6 30. h3 h6 31. h4 Rc7 32. Kc3 Rc5 33. d4 Rc6
34. Re5 a6 35. Kb4 Rc8 36. a5 bxa5+ 37. Rxa5 Rb8+ 38. Kc3 Ra8 39. Kb4 Rb8+ 40.
Ka4 Ra8 41. Re5 Rc8 42. c5+ Kd7 43. Ka5 Rb8 44. Re3 Rb1 45. Kxa6 Rd1 46. Kb6
Rb1+ 47. Ka5 Rd1 48. Kb5 Rxd4 49. c6+ Kd6 50. Re5 Rd3 51. Re2 Rb3+ 52. Kc4 Rxg3
53. c7 Kxc7 54. Rxe6 Kd7 55. Ra6 Rg4 56. Kd5 Rxf4 57. h5 gxh5 58. Ke5 Rf1 59.
Rxh6 f4 1/2-1/2

[Event "Bristol Summer 2017 Fide Open"]
[Site "Bristol"]
[Date "2017.06.10"]
[Round "2.5"]
[White "Turner, Joseph D"]
[Black "Kett, Timothy J"]
[Result "0-1"]
[WhiteElo "1945"]
[BlackElo "2221"]
[PlyCount "68"]
[EventDate "2017.06.09"]
[EventCountry "ENG"]

1. e4 e5 2. f4 d5 3. exd5 c6 4. Nc3 exf4 5. Qe2+ Be7 6. d4 Nf6 7. Bxf4 O-O 8.
d6 Bxd6 9. Bxd6 Qxd6 10. O-O-O Bg4 11. Nf3 Nbd7 12. h3 Bh5 13. g4 Bg6 14. Nh4
Nd5 15. Nxd5 Qxd5 16. Nxg6 hxg6 17. Rh2 Qxa2 18. c3 Nb6 19. h4 Rae8 20. Qd2 Nd5
21. Bd3 Ne3 22. Rg1 Nc4 23. Qf2 Qa1+ 24. Bb1 Re3 25. h5 Na3 26. bxa3 Rxc3+ 27.
Qc2 Qxa3+ 28. Kd2 Rxc2+ 29. Bxc2 Re8 30. Rgh1 Qe3+ 31. Kd1 Qxd4+ 32. Kc1 Qf4+
33. Kb2 Qb4+ 34. Ka2 Re3 0-1

[Event "Bristol Summer 2017 Fide Open"]
[Site "Bristol"]
[Date "2017.06.10"]
[Round "2.6"]
[White "Bennett, Dominic L"]
[Black "Hill, Alistair"]
[Result "0-1"]
[WhiteElo "1941"]
[BlackElo "2193"]
[PlyCount "105"]
[EventDate "2017.06.09"]
[EventCountry "ENG"]

1. g3 c5 2. Bg2 Nc6 3. e4 g6 4. f4 Bg7 5. d3 d6 6. Nf3 Nf6 7. Nbd2 O-O 8. a4 d5
9. e5 Ng4 10. Nf1 f6 11. h3 Nh6 12. exf6 exf6 13. Ne3 Nf5 14. Nxf5 Bxf5 15. O-O
Qd7 16. Kh2 Rfe8 17. Nh4 Be6 18. f5 Bf7 19. b3 Re7 20. Bb2 d4 21. Ba3 b6 22.
fxg6 hxg6 23. a5 Rae8 24. axb6 axb6 25. Rf2 f5 26. Qh1 Ne5 27. Bc1 Bf6 28. Bf4
Rd8 29. Ra8 Kg7 30. Qc1 Rxa8 31. Bxa8 Bd5 32. Bxd5 Qxd5 33. Bh6+ Kf7 34. Bg5
Qd6 35. Qf4 Bxg5 36. Qxg5 Ke8 37. Qf4 Kd7 38. Nf3 Nxf3+ 39. Qxf3 Re3 40. Qb7+
Ke6 41. Qc8+ Kf7 42. Rg2 Qe6 43. Qh8 Re2 44. Qh7+ Ke8 45. Qb7 Re3 46. Qb8+ Kf7
47. Qh8 Qf6 48. Qh7+ Qg7 49. Qh4 g5 50. Qh5+ Qg6 51. Qh8 Re8 52. Qxe8+ Kxe8 53.
Re2+ 0-1

[Event "Bristol Summer 2017 Fide Open"]
[Site "Bristol"]
[Date "2017.06.10"]
[Round "2.7"]
[White "Villiers, Thomas"]
[Black "Littleton, Mark"]
[Result "1/2-1/2"]
[WhiteElo "2124"]
[BlackElo "1889"]
[PlyCount "89"]
[EventDate "2017.06.09"]
[EventCountry "ENG"]

1. Nf3 Nf6 2. b3 d5 3. Bb2 e6 4. e3 Nbd7 5. c4 c6 6. Be2 Bd6 7. O-O e5 8. cxd5
cxd5 9. d4 e4 10. Ne5 Qe7 11. Qd2 Nxe5 12. dxe5 Bxe5 13. Bb5+ Bd7 14. Bxd7+
Nxd7 15. Bxe5 Qxe5 16. Nc3 Nf6 17. Rfd1 Rd8 18. Qd4 Qxd4 19. Rxd4 Ke7 20. Rad1
Ke6 21. Nb5 a6 22. Nc7+ Ke5 23. f4+ exf3 24. gxf3 Kd6 25. Nxd5 Nxd5 26. Rxd5+
Kc7 27. Rxd8 Rxd8 28. Rxd8 Kxd8 29. Kf2 Ke7 30. Kg3 f5 31. Kf4 Kf6 32. h4 g6
33. Kg3 Ke5 34. Kf2 h6 35. Kg2 b5 36. a3 a5 37. Kf2 a4 38. bxa4 bxa4 39. Ke2 g5
40. hxg5 hxg5 41. Kd2 g4 42. fxg4 fxg4 43. Ke2 Ke4 44. Kf2 Kd3 45. Kg3 1/2-1/2

[Event "Bristol Summer 2017 Fide Open"]
[Site "Bristol"]
[Date "2017.06.10"]
[Round "2.8"]
[White "Stranger, Morris"]
[Black "Jukes, Sam"]
[Result "1-0"]
[WhiteElo "2095"]
[BlackElo "1742"]
[PlyCount "101"]
[EventDate "2017.06.09"]
[EventCountry "ENG"]

1. d4 Nf6 2. Bf4 d5 3. e3 e6 4. c4 Bd6 5. Bg3 O-O 6. Nc3 b6 7. cxd5 Bxg3 8.
hxg3 exd5 9. Bd3 g6 10. Nge2 Be6 11. O-O Nbd7 12. b4 c5 13. bxc5 bxc5 14. dxc5
Nxc5 15. Bc2 Nfe4 16. Qd4 f5 17. Rfd1 Qf6 18. Nxd5 Qxd4 19. Rxd4 Kf7 20. Nc7
Rac8 21. Nxe6 Kxe6 22. f3 Nd6 23. Nf4+ Ke7 24. a4 Ne6 25. Nxe6 Kxe6 26. Bb3+
Ke7 27. Rad1 Rfd8 28. g4 Rc3 29. R1d3 Rxd3 30. Rxd3 fxg4 31. fxg4 Ne4 32. Rxd8
Kxd8 33. Kh2 g5 34. Bc2 Nf6 35. Kg3 Ke7 36. Bf5 Kd6 37. Kf3 Ke5 38. Bd3 h6 39.
Bf5 Ne8 40. Ke2 Nd6 41. Bc2 Ne8 42. Kd3 Nf6 43. Bd1 Ne4 44. Kc4 Nd2+ 45. Kb5
Ke4 46. Ka6 Kxe3 47. Kxa7 Kf2 48. a5 Kxg2 49. a6 Nc4 50. Kb8 Na5 51. Kc7 1-0

[Event "Bristol Summer 2017 Fide Open"]
[Site "Bristol"]
[Date "2017.06.10"]
[Round "2.9"]
[White "Martin, Lewis"]
[Black "Thorpe, Thomas G"]
[Result "1-0"]
[WhiteElo "2089"]
[BlackElo "1878"]
[PlyCount "59"]
[EventDate "2017.06.09"]
[EventCountry "ENG"]

1. d4 f5 2. c4 e6 3. Nf3 Nf6 4. Nc3 Be7 5. e3 O-O 6. Bd3 b6 7. O-O Bb7 8. Nd2
c5 9. d5 Kh8 10. Qf3 Ng4 11. Qh3 Rf6 12. Nf3 Rh6 13. Qg3 Rg6 14. Qf4 Qf8 15. e4
exd5 16. cxd5 fxe4 17. Bxe4 Qxf4 18. Bxf4 Rf6 19. Bg5 Rxf3 20. Bxf3 Bxg5 21.
Bxg4 Na6 22. Bxd7 Nb4 23. Rad1 Rd8 24. Rfe1 g6 25. Re8+ Kg7 26. Rxd8 Bxd8 27.
a3 Nc2 28. Nb5 a6 29. Nd6 Ba8 30. Bc6 1-0

[Event "Bristol Summer 2017 Fide Open"]
[Site "Bristol"]
[Date "2017.06.10"]
[Round "2.10"]
[White "Kramaley, David"]
[Black "Dunn, Alan"]
[Result "1/2-1/2"]
[WhiteElo "1836"]
[BlackElo "2072"]
[PlyCount "147"]
[EventDate "2017.06.09"]
[EventCountry "ENG"]

1. e4 c5 2. Nf3 d6 3. Bb5+ Bd7 4. a4 Nc6 5. O-O g6 6. Re1 Bg7 7. h3 e6 8. Na3
Nge7 9. Nc4 Qc7 10. e5 dxe5 11. Qe2 f6 12. c3 O-O 13. Ne3 e4 14. Nh2 Ne5 15.
Bc4 f5 16. d3 f4 17. Nef1 exd3 18. Bxd3 Nxd3 19. Qxd3 Kh8 20. Nf3 e5 21. N1d2
Nc6 22. Ne4 Bf5 23. Nh4 Rad8 24. Qe2 Bxe4 25. Qxe4 Na5 26. b3 Nxb3 27. Rb1 c4
28. Ba3 Rfe8 29. Nf3 Rd3 30. Rxb3 cxb3 31. Qxd3 Qc6 32. Qb5 e4 33. Qxc6 bxc6
34. Nd4 e3 35. fxe3 fxe3 36. Kf1 Re4 37. Bb2 Rf4+ 38. Nf3 Rxa4 39. Rxe3 Ra2 40.
Re8+ Bf8 41. Re2 Ba3 42. Bxa3 Rxa3 43. Nd4 c5 44. Nb5 Ra1+ 45. Kf2 a6 46. Nd6
Rc1 47. Re8+ Kg7 48. Rb8 Rxc3 49. Ne4 Rc2+ 50. Ke3 c4 51. Rb7+ Kf8 52. Kd4 a5
53. Nc3 b2 54. Kxc4 Rxg2 55. Nd1 Rh2 56. Nxb2 Rxh3 57. Ra7 Rh1 58. Na4 Rh4+ 59.
Kb5 g5 60. Kxa5 g4 61. Nc3 g3 62. Ne2 g2 63. Kb5 Rh1 64. Ra8+ Kg7 65. Ra7+ Kh6
66. Ra3 Rh5+ 67. Kc4 Rg5 68. Ra1 Kh5 69. Nf4+ Kg4 70. Nxg2 Kf3 71. Rh1 h5 72.
Ne1+ Kf2 73. Nd3+ Kg2 74. Rxh5 1/2-1/2

[Event "Bristol Summer 2017 Fide Open"]
[Site "Bristol"]
[Date "2017.06.10"]
[Round "2.11"]
[White "Livesey, R  Nigel"]
[Black "Girdlestone, Paul C"]
[Result "0-1"]
[WhiteElo "1814"]
[BlackElo "2072"]
[PlyCount "84"]
[EventDate "2017.06.09"]
[EventCountry "ENG"]

1. c4 b6 2. e4 Bb7 3. d3 e6 4. Nc3 c5 5. Be2 Nc6 6. Nf3 Bd6 7. b3 Nge7 8. Bb2
Nd4 9. O-O Qb8 10. g3 Nec6 11. Nb5 Nxb5 12. cxb5 Ne5 13. Nd2 g5 14. Nc4 Rg8 15.
Qd2 Nxc4 16. bxc4 Qc7 17. a4 a5 18. Bh5 Be5 19. Rab1 Ke7 20. Rfe1 Bd4 21. Qe2
Raf8 22. Bf3 Bxb2 23. Rxb2 Qe5 24. Rb3 f5 25. Qb2 Qxb2 26. Rxb2 g4 27. Bg2 f4
28. e5 f3 29. Bf1 Rg5 30. d4 cxd4 31. Bd3 d6 32. exd6+ Kxd6 33. Bxh7 Rc5 34.
Bd3 e5 35. Rc2 e4 36. Rxe4 Bxe4 37. Bxe4 Re8 38. Bd3 Re1+ 39. Bf1 Rce5 40. Rd2
Kc5 41. Rd3 Ra1 42. h3 Ree1 0-1

[Event "Bristol Summer 2017 Fide Open"]
[Site "Bristol"]
[Date "2017.06.10"]
[Round "2.12"]
[White "Dilleigh, Stephen P"]
[Black "Price, Andrew"]
[Result "1-0"]
[WhiteElo "2053"]
[BlackElo "1805"]
[PlyCount "85"]
[EventDate "2017.06.09"]
[EventCountry "ENG"]

1. Nf3 d5 2. d4 Nf6 3. c4 dxc4 4. e3 e6 5. Bxc4 c5 6. O-O a6 7. dxc5 Qxd1 8.
Rxd1 Bxc5 9. Be2 O-O 10. Nbd2 b5 11. a4 b4 12. Nb3 Nbd7 13. Nfd2 Bb7 14. Nc4
Rfd8 15. Bd2 Be7 16. f3 Bd5 17. e4 Bxc4 18. Bxc4 Ne5 19. Be2 Nd3 20. Rab1 a5
21. Be3 Ne5 22. Bb6 Rdc8 23. Rbc1 Rxc1 24. Rxc1 Nfd7 25. Be3 Bd8 26. f4 Ng6 27.
Bb5 Bb6 28. Kf2 Ngf8 29. Rc6 Bd8 30. e5 g6 31. Rd6 Bc7 32. Rxd7 Nxd7 33. Bxd7
Rd8 34. Bb5 Kg7 35. Bd4 h5 36. Ke3 h4 37. h3 Rh8 38. Nd2 Bd8 39. Nc4 g5 40. f5
exf5 41. e6+ f6 42. Bc5 f4+ 43. Kf3 1-0

[Event "Bristol Summer 2017 Fide Open"]
[Site "Bristol"]
[Date "2017.06.10"]
[Round "2.13"]
[White "Nendick, Philip Hc"]
[Black "Purry, Chris S"]
[Result "1/2-1/2"]
[WhiteElo "1998"]
[BlackElo "1796"]
[PlyCount "107"]
[EventDate "2017.06.09"]
[EventCountry "ENG"]

1. d4 d5 2. c4 e6 3. Nc3 c5 4. cxd5 exd5 5. Nf3 Nc6 6. g3 Nf6 7. Bg2 Be7 8. O-O
O-O 9. Bg5 cxd4 10. Nxd4 h6 11. Be3 Re8 12. Qb3 Na5 13. Qc2 Bg4 14. Nf5 Bf8 15.
Rad1 Qd7 16. Nd4 Rac8 17. Nb3 Bf5 18. Qc1 Nxb3 19. axb3 Bh3 20. Bxa7 Bxg2 21.
Kxg2 b5 22. Bd4 Qb7 23. Qb1 b4 24. Na4 Rxe2 25. Rfe1 Rxe1 26. Rxe1 Ne4 27. f3
Ng5 28. Qf5 Ne6 29. Bf2 d4 30. Rxe6 fxe6 31. Qxe6+ Kh8 32. Bxd4 Rc6 33. Qe4 Qc8
34. g4 Rc2+ 35. Kh3 Qc6 36. Qxc6 Rxc6 37. Nb6 Bc5 38. Bxc5 Rxc5 39. Nc4 Rd5 40.
Kg3 g5 41. h4 Kg7 42. h5 Kf6 43. Kf2 Rd3 44. Na5 Rd2+ 45. Ke3 Rxb2 46. Ke4 Rc2
47. Nc4 Rc3 48. Nd2 Rc1 49. Kd4 Rd1 50. Ke3 Ke5 51. Nc4+ Kd5 52. Nd2 Rc1 53.
Ne4 Re1+ 54. Kd3 1/2-1/2